000 02104cam a22005054i 4500
003 PE-LiUPU
005 20250731173427.0
008 150706s2011 pe a r 000 0 spa d
035 _a(Sirsi) a52076
040 _aPE-LiUPU
_bspa
_cPE-LiUPU
_erda
049 _aPRUA
082 0 4 _a252.3
_bL8
_221
245 0 3 _aLa locura de la cruz :
_bsermones evangelísticos /
_ceditores Marlon Ramirez C. y Rolando Segura L.
264 1 _aLima :
_bEstudio Digital Editores,
_c2011.
300 _a658 páginas :
_bilustraciones ;
_c21 centímetros.
336 _atext
_2rdacontent
337 _aunmediated
_2rdamedia
338 _avolume
_2rdacarrier
490 0 _aSermones evangelísticos
505 0 _aSermones para la familia -- Sermones doctrinales -- Sermones proféticos -- Sermones evangelísticos y para llamados -- Sermones para Semana Santa -- Artículos de apoyo y versículos para llamados -- Cuadros y diagramas de apoyo.
526 _aSEG42
526 _aSEG41
526 _aSEG40
526 _aSEG39
526 _aP94
526 _aP87
526 _aP86
526 _aP85
526 _aP77
526 _aP76
526 _aP35
650 0 4 _aSermones evangelísticos.
700 1 _aRamirez C., Marlon,
_eeditor.
700 1 _aSegura L., Rolando,
_eeditor.
910 _agl
_cbd
_d20130228
910 _adbm
_bjpc
_cjpc
_d20190716
942 _2ddc
_cBOOK
949 _a252.3 L7 1
_wDEWEY
_c1
_i66495
_lCCODEBUL1
_mBUL
_p22.00
_r0
_sY
_tLIBRO
_u2015-07-06
_xBIBLIOTECA
_zUNKNOWN
_o.STAFF. Colección General
994 _aC0
_bPEPRU
596 _a1
999 _a252.3 L8 1
_wDEWEY
_c54668
_i66495
_d54668
_e2019-10-28
_f2021-11-10
_g6
_lCCODEBUL1
_mBUL
_n5
_p22.00
_q4
_r0
_sY
_tBOOK
_u2015-7-6
_xTEOLOGIA
_PP35
_0COMPRA
_o.STAFF. Colección Teología
999 _a252.3 L8 1
_wDEWEY
_c2
_i80241
_d2019-9-30
_e2019-9-26
_f2021-11-10
_g3
_lCCODEBUL1
_mBUL
_n2
_p12.00
_r0
_sY
_tBOOK
_u2019-7-16
_xTEOLOGIA
_PP35
_0DONACION
_o.STAFF. Colección Teología
980 _81
_gALBERTO SANCHEZ Responsable de Automatización